[Event "Hafnarfirdi"]
[Site "Hafnarfirdi"]
[Date "1992.??.??"]
[Round "3"]
[White "Stefansson, Hannes"]
[Black "Gretarsson, Helgi Ass"]
[Result "1/2-1/2"]
[WhiteElo "2455"]
[BlackElo "2350"]
[Annotator "Stohl,I"]
[PlyCount "131"]
[EventDate "1992.03.??"]
[EventType "tourn"]
[EventRounds "11"]
[EventCountry "ISL"]
[EventCategory "7"]
[SourceTitle "CBM 029"]
[Source "ChessBase"]
[SourceDate "1992.08.01"]
[SourceVersion "1"]
[SourceVersionDate "1992.08.01"]
[SourceQuality "1"]

1. d4 d6 2. e4 g6 3. Nc3 Bg7 4. Nf3 Bg4 5. Be3 Nf6 6. Be2 Nc6 7. d5 Bxf3 8.
gxf3 $5 (8. Bxf3 Ne5 9. Be2 O-O 10. O-O {-B08} c6 11. a4 a5 $5 (11... Qa5 12.
Ra3 Rfc8 13. Rb3 Qc7 14. f4 Ned7 15. Bf3 Nb6 16. Bd4 Nc4 17. Qe2 cxd5 18. e5
Nd7 19. Nxd5 Qd8 20. Rxb7 e6 $146 {Johanesson,L-Hoi,C,Reykjavik op 1990-EXP 18}
) 12. f4 Ned7 13. Bf3 Nb6 14. Qe2 Nfd7 15. Kh1 Qc7 16. Rfd1 {Morovic,
I-Seirawan,Y,Novi Sad olm 1990-TD90_06} Rae8 $13 {/\e5,e6 Seirawan}) 8... Ne5
$6 (8... Nb8 $142 $1 9. f4 c6 $132) 9. f4 Ned7 10. h4 $36 h5 (10... c6 11. h5
cxd5 12. h6 $1 (12. exd5 Nxh5 $5 13. Bxh5 Bxc3+ 14. bxc3 gxh5 $13) 12... Bf8
13. exd5 $16 {()}) 11. Rg1 {/\f5->} Bh6 $8 12. Qd2 c6 13. dxc6 bxc6 14. e5 $1
Ng4 $8 (14... dxe5 15. fxe5 Bxe3 16. Qxe3 Nd5 17. Nxd5 cxd5 18. e6 $16) 15.
Bxg4 $6 (15. exd6 $142 exd6 16. O-O-O (16. Qxd6 $2 Nxe3 17. fxe3 Qxh4+ 18. Kd2
Rd8 $36) 16... d5 (16... Nxe3 17. Qxe3+ Qe7 18. Rxd6 $16) 17. Bxg4 hxg4 18. f5
$1 $40) 15... hxg4 16. O-O-O (16. Rxg4 $6 dxe5 {/\} 17. fxe5 Nxe5 $17) (16.
exd6 Nf6 $5 $132) 16... d5 $8 17. e6 (17. Rxg4 e6 $146) 17... Nf6 $1 (17...
fxe6 18. Rxg4 Nf8 19. Na4 $16) 18. exf7+ Kxf7 19. f3 (19. Bd4 Qd6 20. Be5 Qxe5
21. fxe5 Bxd2+ 22. Rxd2 Nd7 23. Rxg4 Nxe5 24. Rf4+ Ke6 25. Re2 Kd6 $10) (19. f5
$5 Bxe3 20. fxg6+ Kxg6 21. Qxe3 Rxh4 22. f3 $13 {עg6}) 19... gxf3 20. Qd3 (20.
Qf2 Qd7 21. Qxf3 Qf5 $15) 20... Rg8 21. Kb1 f2 (21... Qd7 $5 $15 {/\Qf5}) 22.
Bxf2 Bxf4 23. Ne2 Qd6 $6 (23... Bd6 24. Nd4 Qd7 25. Nf3 e5 $13) 24. Bc5 $1 Qxc5
25. Nxf4 Qb4 $1 (25... Ne4 $2 26. Rdf1 $40) 26. Nxg6 Rab8 $1 (26... Qe4 27.
Qxe4 Nxe4 28. Ne5+ Ke6 29. Nxc6 $16) 27. b3 $8 (27. Ne5+ $2 Ke6 $1 $19) 27...
Qe4 $8 28. Qxe4 Nxe4 29. Rdf1+ (29. Ne5+ Ke6 30. Nxc6 Nc3+ $17) 29... Ke6 30.
Kb2 Kd6 31. h5 $14 Rg7 (31... Nf6 $6 32. h6 $16 {/\Rf6}) 32. h6 Rh7 33. Nh4 $1
e6 34. Rg6 Rbh8 35. Nf5+ (35. Rh1 Ke5 36. Nf3+ Kf5 37. Nh4+ Ke5 $10) 35... Ke5
36. Ne3 $1 Kd6 37. Ng4 Ng3 38. Rff6 Re7 39. Rf3 (39. Ne3 Ke5 $1 $8 {<=>} (39...
Ne4 40. Nf5+ Kd7 41. Nxe7 Nxf6 42. Nxc6 Kxc6 43. Rxf6 Kd6 44. Rf7 $16)) (39.
Rg7 Rxg7 40. hxg7 Rg8 41. Rf7 Nh5 $1 (41... Nf5 $2 42. Nf6 Rxg7 43. Ne8+ $18)
42. Rxa7 Rxg7 $10) 39... Ne4 40. Rg7 Rh7 $8 (40... Rxg7 41. hxg7 Rg8 42. Rf7
$18) 41. Rg8 Nc5 42. Rf6 (42. Ra8 $5 $14) 42... Nd7 43. Rfg6 Ne5 $1 $10 44.
Nxe5 Kxe5 45. b4 (45. R8g7 $6 Rxh6 $1) 45... Ref7 {/\Rf6} 46. Rc8 Kf5 47. Rg1
Rb7 $1 (47... Rxh6 48. Rf1+ Kg6 49. Rxf7 Kxf7 50. Rxc6 $14) 48. Rf1+ Ke5 49.
Ka3 Rxh6 50. Rxc6 Rh3+ 51. Ka4 Re3 $10 52. c3 Rb6 53. Rxb6 (53. Rc5 Ke4 {/\e5|^
}) 53... axb6 54. Rc1 Kd6 55. Kb5 Kc7 56. Ka6 e5 57. a4 Re2 (57... Rd3 $10) 58.
c4 $6 (58. Rh1 $142 d4 59. cxd4 exd4 60. Rh7+ Kd6 $132) 58... d4 59. Rb1 Rc2 (
59... d3 60. c5 bxc5 61. b5 Rf2 (61... d2 $2 62. b6+ Kb8 63. Rh1 $18) 62. b6+
Kb8 63. Rg1 Rf8 64. Rg7 $10) 60. c5 d3 61. cxb6+ Kb8 62. Rf1 d2 63. Rf8+ Rc8
64. Rf7 $1 $8 (64. Rf1 e4 65. Rf7 $5 Rh8 $19) 64... d1=Q $8 (64... Rh8 65. Rd7
$18) 65. Rb7+ Ka8 66. Ra7+ {[Stohl]} 1/2-1/2

[Event "Bermuda-A"]
[Site "Bermuda"]
[Date "1995.??.??"]
[Round "5"]
[White "Ivanov, Alexander"]
[Black "Norwood, David"]
[Result "0-1"]
[WhiteElo "2515"]
[BlackElo "2545"]
[Annotator "Stohl,I"]
[PlyCount "74"]
[EventDate "1995.01.??"]
[EventType "tourn"]
[EventRounds "9"]
[EventCountry "BER"]
[EventCategory "10"]
[SourceTitle "CBM 046"]
[Source "ChessBase"]
[SourceDate "1995.06.01"]
[SourceVersion "1"]
[SourceVersionDate "1995.06.01"]
[SourceQuality "1"]

1. e4 g6 2. d4 d6 3. Nc3 c6 4. Be3 Bg7 5. h3 b5 (5... Nf6 6. f4 $1 $36 {()}) 6.
Nf3 Nf6 (6... Nd7 7. d5 $5 b4 8. dxc6 bxc3 9. cxd7+ Bxd7 10. b3 Bc6 11. Bc4 $14
{><c3}) 7. Bd3 (7. e5 $5 Nfd7 8. exd6 exd6 9. d5 $36) 7... O-O 8. O-O Nbd7 9.
e5 (9. Qd2 e5 $10) 9... Ne8 $1 10. exd6 (10. Bf4 Nb6 {/\Nc7-d5<=>}) 10... Nxd6
$10 11. a4 (11. Qd2 $142 Re8 $5 $10) 11... b4 12. Ne4 Nf5 13. Bc4 $2 (13. Qd2
$142 $5 a5 14. c3 $10) 13... Bb7 14. Qd3 c5 $1 $36 15. c3 (15. dxc5 Bxb2 16.
Rab1 Nxe3 17. Qxe3 Bxe4 18. Rxb2 Bxf3 $15) (15. Nxc5 $6 Nxc5 16. dxc5 Bxb2 $17)
15... Nb6 $1 (15... bxc3 16. bxc3 cxd4 17. cxd4 Nb6 $15) 16. dxc5 (16. Nxc5
Bxf3 17. gxf3 bxc3 18. bxc3 Nh4 (18... e5 $5 $36) 19. f4 Qc8 20. Kh2 Qc6 $36)
16... Nxc4 17. Qxc4 Nxe3 18. fxe3 Qd5 $1 $17 19. Qxd5 (19. Qxb4 $2 a5 $19)
19... Bxd5 20. Ned2 bxc3 21. bxc3 Rac8 {_|_^^,ק} 22. e4 Ba8 23. e5 Rxc5 24.
Rac1 Rfc8 $1 (24... Bxe5 $17 {/\} 25. Nb3 Rxc3) 25. c4 Ra5 26. Rc2 (26. Ra1
Bxe5 27. Nxe5 Rxe5 28. Rfe1 Rxe1+ 29. Rxe1 e6 $19) 26... Rxa4 27. c5 Bh6 28.
Re1 Bd5 (28... Ra3 29. Kf2 Rd3 $19) 29. Kf2 Ra5 30. Rec1 $8 Bxf3 31. Kxf3 Bxd2
32. Rxd2 Rcxc5 $19 33. Rxc5 Rxc5 34. e6 Re5 $1 35. Rd8+ Kg7 36. exf7 Kxf7 37.
Rd7 a5 (37... a5 38. Ra7 Rb5 {/\Rb3-a3-a1,a5-a2,e7-e2-+}) 0-1

[Event "London WFW"]
[Site "London"]
[Date "1991.??.??"]
[Round "?"]
[White "Wells, Peter K"]
[Black "Watson, William N"]
[Result "0-1"]
[WhiteElo "2460"]
[BlackElo "2505"]
[Annotator "Stohl,I"]
[PlyCount "80"]
[EventDate "1991.05.??"]
[EventType "tourn"]
[EventRounds "13"]
[EventCountry "ENG"]
[EventCategory "11"]
[SourceTitle "CBM 024"]
[Source "ChessBase"]
[SourceDate "1991.10.01"]
[SourceVersion "1"]
[SourceVersionDate "1991.10.01"]
[SourceQuality "1"]

1. Nf3 d6 2. d4 g6 3. e4 Nf6 4. Nc3 Bg7 5. Be2 c5 $6 6. dxc5 $5 (6. O-O cxd4 7.
Nxd4 O-O {-B70}) (6. d5 $14 {-A43}) 6... Qa5 7. O-O (7. cxd6 Nxe4 8. dxe7 (8.
O-O $5 Nxc3 9. bxc3 Nc6 $13) 8... Nxc3 9. bxc3 Nc6 $1 $13) 7... Qxc5 (7... dxc5
8. e5 Ng4 9. Bf4 $16) 8. Be3 Qa5 (8... Qc7 9. h3 $6 (9. Nd4 $36 {/\Nd5}) 9...
O-O 10. Re1 Nbd7 11. Nd4 a6 12. a4 e6 13. Nb3 (13. a5 $142) 13... b6 14. f4 Bb7
15. Bf3 Rac8 16. Qd2 Nc5 $15 {Collinson,A-Watson,W,Eastbourne GB-ch 1990}) 9.
Nd2 O-O 10. f4 (10. Nb3 Qc7 11. Qd2 $14) 10... Nbd7 $5 (10... Nc6 11. Nb3 Qc7
12. Nd5 $36) 11. g4 $5 (11. Nb3 $14) 11... a6 12. g5 Ne8 13. a4 (13. Nd5 Qd8 {
/\e6<=>}) 13... Qd8 (13... Bxc3 $2 14. Nc4 Qc7 (14... Qb4 $2 15. bxc3 Qxc3 16.
Bd4 Qb4 17. c3 $18) 15. bxc3 $40) 14. Nc4 {/\a5|^} (14. a5 b5 15. axb6 Nxb6
$132) 14... b6 $8 15. Nd5 (15. Bd4 $5 {(),/\} e5 $6 16. Be3 {><d5,d6}) 15...
Rb8 16. f5 $6 (16. Bd4 Bxd4+ 17. Qxd4 e6 18. Nc3 e5 $132) 16... Nc5 $1 {
/\Ne4,e6} (16... e6 17. f6 exd5 18. fxg7 $16) 17. Bd4 (17. a5 b5 18. Bxc5 dxc5
$17 {/\} 19. Nf6+ Nxf6) (17. b4 Nxe4 18. f6 exf6 19. Bxb6 Qd7 $17) 17... Bxd4+
18. Qxd4 e6 $1 $36 19. fxg6 (19. fxe6 Qxg5+ 20. Kh1 Nxe6 $17) (19. Nf6+ Nxf6
20. gxf6 exf5 21. exf5 Bxf5 22. Nxd6 Bxc2 $17) 19... exd5 $5 (19... Qxg5+ 20.
Kh1 hxg6 21. Ndxb6 e5 $17) 20. gxh7+ Kxh7 21. g6+ (21. exd5 Qxg5+ 22. Kh1 Bf5
$19) 21... Kxg6 22. exd5 f5 $1 23. Ra3 Ne4 24. Kh1 Qh4 25. Rg1+ Kf7 26. Nxd6+
$5 N8xd6 27. Bh5+ Ke7 $8 (27... Qxh5 $4 28. Rg7+ Ke8 29. Qe5+ $18) 28. Qg7+ Nf7
29. Bxf7 Qf6 $1 $19 (29... Rxf7 $2 30. Qe5+ $13) 30. Bh5+ (30. d6+ Nxd6 31.
Re3+ Ne4) 30... Qxg7 31. Rxg7+ Kd6 (31... Kf6 $19) 32. c4 Rb7 33. Rg6+ Ke5 34.
Kg2 Rh7 35. Bf3 Rfh8 36. Bxe4 Rxh2+ 37. Kg1 fxe4 38. Rxb6 Rh1+ 39. Kg2 (39. Kf2
R8h2+ 40. Ke3 Re1#) 39... R8h2+ 40. Kg3 Rc2 {/\Rh3# Stohl,I} 0-1

[Event "Groningen"]
[Site "Groningen"]
[Date "1992.??.??"]
[Round "6"]
[White "Rozentalis, Eduardas"]
[Black "Nijboer, Friso"]
[Result "1/2-1/2"]
[WhiteElo "2590"]
[BlackElo "2485"]
[Annotator "Stohl,I"]
[PlyCount "108"]
[EventDate "1992.12.??"]
[EventType "tourn"]
[EventRounds "9"]
[EventCountry "NED"]
[EventCategory "14"]
[SourceTitle "CBM 034"]
[Source "ChessBase"]
[SourceDate "1993.06.01"]
[SourceVersion "1"]
[SourceVersionDate "1993.06.01"]
[SourceQuality "1"]

1. e4 d6 2. d4 Nf6 3. Nc3 g6 4. Nf3 Bg7 5. Be2 O-O 6. O-O Bg4 7. Be3 Nc6 8. Bb5
$5 (8. a4 e5 (8... Re8 9. a5 e5 10. d5 Bxf3 11. Bxf3 Nd4 12. a6 $1 b6 13. Be2
Nxe2+ 14. Qxe2 Qd7 15. f3 Nh5 16. Qb5 Qc8 17. Qc6 $16 {Dutreeuw,M-Torricelli,A,
San Bernerdino op 1992,TD 92_10}) 9. d5 Ne7 10. a5 $5 (10. Ne1 Bxe2 (10... Bd7
$142 $5 11. Nd3 Ne8 $132) 11. Qxe2 c6 12. dxc6 bxc6 13. Nd3 d5 14. Bc5 Re8 15.
f3 d4 16. Bxe7 $5 Qxe7 17. Nb1 Nd7 18. Na3 Qe6 19. b3 $14 {Dutreeuw,M-Kosanski,
S,Werfen op 1992,TD 92_10}) 10... a6 11. Nd2 Bxe2 12. Qxe2 Nh5 13. g3 f5 14.
exf5 Nxf5 15. Ra4 $5 $36 {Vasjukov,E-Padevsky,N,Moscow GMA-op 1989-TD 89_02})
8... Nd7 {N,/\Bf3} (8... a6 9. Bxc6 bxc6 10. h3 Bc8 11. Qd2 Rb8 12. b3 Bb7 13.
Bh6 c5 14. Bxg7 Kxg7 15. d5 e5 16. Ne1 c6 17. dxc6 Bxc6 18. f3 Qc7 19. Nd3 c4
$5 $10 {Johansen,D-Ingenerf,S,Wuppertal 1986-CBM 01}) 9. Bxc6 bxc6 10. h3 Bxf3
11. Qxf3 e5 (11... Rb8 12. Rab1 (12. b3 c5 $10) 12... Rb7 $5 $132 {/\Qb8,c5})
12. Rad1 Qb8 13. b3 Qb4 14. Ne2 Qa3 15. Nc1 $14 exd4 16. Bxd4 Bxd4 (16... Ne5
17. Qe2 c5 18. Bc3 {/\f4|^}) 17. Rxd4 c5 {><d5} (17... Qc5 $142 18. Qd1 (18.
Rc4 $2 Ne5 $17) 18... f5 $5 $132) 18. Rd2 Rfe8 19. Re1 a5 20. Ne2 $1 {/\Nc3-d5}
(20. Qc3 Qb4 $10) 20... Qxa2 21. Nc3 Qb2 $8 (21... Qa3 $6 22. Nd5 (22. Nb5 $6
Qb4) 22... Ra7 23. Qc3 $16 {/\Ra1}) 22. Rb1 Qa3 23. Nd5 Ra7 24. Qc3 c4 $8 25.
Qxc4 Qc5 $8 (25... Re6 26. Nxc7 Ne5 27. Qc3 $16) 26. Qxc5 dxc5 27. Rbd1 $6 (27.
f3 $16) 27... Rxe4 $1 28. Nc3 Rd4 29. Nb5 (29. Rxd4 cxd4 30. Rxd4 Nb6 $14)
29... Rxd2 30. Rxd2 Rb7 $8 31. Rxd7 Rxb5 32. Rxc7 $14 a4 $5 (32... Kg7 33. Kf1
Kf6 34. Ke2 Ke6 35. Ra7 $1 $16) 33. bxa4 Ra5 34. Kf1 Kg7 35. Ke2 Kf6 36. Kd3
Ke6 37. Kc3 (37. Kc4 Rxa4+ 38. Kxc5 Re4 {/\Re2<=>}) 37... Rxa4 $8 38. Rxc5 Ra1
39. Kd3 h5 $1 $132 (39... Rg1 40. g3 Rh1 41. h4 $14) 40. h4 Rg1 41. g3 f6 42.
Rc4 $6 (42. c4 $142 $14) 42... Kf5 43. Rf4+ Ke5 44. Kc4 g5 45. Rd4 (45. hxg5
fxg5 46. Rd4 Rg2 $10) 45... Rf1 46. Rd2 (46. Rd5+ Ke6 47. hxg5 Rxf2 48. c3 $8
fxg5 (48... f5 $5 $132) 49. Rxg5 h4 50. gxh4 Rf4+ 51. Kb5 Rxh4 52. Kc6 $5 Rh8
$10) 46... gxh4 47. gxh4 f5 48. Kc5 Rh1 $10 49. Rd4 f4 $1 50. Rd5+ Ke4 51. Rxh5
Kf3 52. c4 (52. Rf5 Rxh4 $10) 52... Kxf2 53. Kd6 f3 54. c5 Kg3 (54... Kg3 55.
c6 f2 56. Rf5 Rxh4 57. c7 Rc4 $10) 1/2-1/2

[Event "Biel SKA"]
[Site "Biel"]
[Date "1991.??.??"]
[Round "12"]
[White "Adams, Michael"]
[Black "Gavrikov, Viktor"]
[Result "1/2-1/2"]
[WhiteElo "2615"]
[BlackElo "2585"]
[Annotator "Stohl,I"]
[PlyCount "64"]
[EventDate "1991.07.??"]
[EventType "tourn"]
[EventRounds "14"]
[EventCountry "SUI"]
[EventCategory "15"]
[SourceTitle "CBM 025"]
[Source "ChessBase"]
[SourceDate "1991.12.01"]
[SourceVersion "1"]
[SourceVersionDate "1991.12.01"]
[SourceQuality "1"]

1. e4 g6 2. d4 Bg7 3. Nc3 c6 4. Nf3 d6 (4... d5 5. h3 $14) 5. Be3 (5. a4 Nd7 6.
Bc4 e6 7. O-O Ngf6 8. Re1 O-O 9. Bb3 Qc7 10. h3 a6 11. Bf4 $1 e5 12. Bh2 Nh5
13. Qd2 exd4 14. Nxd4 Re8 15. Rad1 Nc5 16. Ba2 Nf6 17. Qf4 a5 18. Nf3 $1 Be6
19. Bxe6 Nxe6 20. Qxd6 Qb6 21. Qa3 $16 {Barua,D-Petursson,M,Novi Sad olm 1990})
5... Nf6 6. Qd2 (6. a4 O-O 7. Be2 Nbd7 8. O-O e5 9. dxe5 dxe5 10. Nd2 $1 Qe7
11. Nc4 Nc5 12. Qd6 Qxd6 13. Nxd6 Ne6 14. Rfd1 c5 $6 15. Bc4 Nd4 16. Rac1 Rb8
17. Nxc8 Rbxc8 18. f3 h5 19. Kf2 Kh7 20. Nd5 Ng8 21. c3 $16 {Carlier,B-Hoi,C,
Gausdal Troll Masters 1990}) 6... Qa5 $5 (6... O-O 7. Bh6 $14) 7. Bd3 {/\Bh6}
Ng4 8. Bg5 e5 9. dxe5 (9. d5 $6 f6 10. Bh4 Bh6 $5 11. Qe2 cxd5 12. exd5 Bg7 $13
) 9... dxe5 10. Bc4 {/\Qd6} Qc7 (10... O-O 11. Be7 Re8 12. b4 $5 $36) 11. O-O-O
Nd7 (11... O-O $6 12. h3 Nf6 13. Qd6 $16 {_|_}) 12. Kb1 (12. h3 Ngf6 13. Bh6
O-O 14. Bxg7 Kxg7 15. Qd6 Qxd6 16. Rxd6 Nc5 $10) 12... O-O 13. Bb3 (13. Be7 $2
Nb6 14. Bxf8 Nxc4 15. Qe2 Bxf8 16. Qxc4 Nxf2 $17) (13. a3 $5 b5 14. Ba2 $14)
13... Ngf6 14. h4 $5 Nc5 (14... h5 $5 $132) 15. h5 Nxb3 16. axb3 Bg4 $6 (16...
Nxh5 $5 17. Rh4 f6 $13) 17. h6 Bh8 {ץh8} 18. Qe3 Nh5 (18... Rfd8 $2 19. Rxd8+
$16 {/\Qa7,Ne5}) 19. Qc5 Qb6 $1 (19... f6 20. Be3 $16 {/\Rd6<->d}) 20. Qxb6
axb6 21. Na4 $1 (21. Rd6 Nf4 $36) 21... f6 22. Be3 b5 23. Nc5 Rf7 24. b4 (24.
Rd6 $2 b6 25. Nd3 Rfa7 $19) 24... Re8 25. Rd6 Bc8 26. Rhd1 f5 $132 27. Ng5 (27.
Bg5 b6 28. Rd8 Ref8 $1 $15) 27... Rfe7 28. exf5 (28. f3 f4 (28... Bf6 $2 29.
exf5 gxf5 30. g4 fxg4 31. fxg4 Bxg4 32. Rg1 $18) 29. Bf2 Bf6 $15) 28... gxf5
29. f3 Nf6 30. g4 $5 fxg4 31. fxg4 e4 (31... Bxg4 $2 32. Rg1 $40 {/\Nge4+-}) (
31... Nxg4 32. Bc1 $146 {/\Rg1,Nge4}) 32. Bd4 Nxg4 (32... Nxg4 33. Ngxe4 Bf5 $5
(33... Rxe4 $2 34. Nxe4 Rxe4 35. Rd8+ $18) 34. Bxh8 (34. Rg1 Bxe4 35. Rxg4+ Bg6
$13) 34... Kxh8 $132 {[Stohl]}) 1/2-1/2

[Event "St Petersburg op2"]
[Site "St Petersburg"]
[Date "1994.??.??"]
[Round "5"]
[White "Gubanov, Anton"]
[Black "Gavrilov, Alexei"]
[Result "1-0"]
[WhiteElo "2380"]
[BlackElo "2425"]
[Annotator "Svidler,P"]
[PlyCount "159"]
[EventDate "1994.10.??"]
[EventType "swiss"]
[EventRounds "9"]
[EventCountry "RUS"]
[SourceTitle "CBM 043 Extra"]
[Source "ChessBase"]
[SourceDate "1995.01.01"]
[SourceVersion "1"]
[SourceVersionDate "1995.01.01"]
[SourceQuality "1"]

1. e4 d6 2. d4 Nf6 3. Nc3 g6 4. Be3 Bg7 5. h3 O-O 6. Nf3 Nbd7 (6... c6 7. a4 d5
$5 8. e5 Ne4 $13 {Haba,P-Vadasz,L/Kecskemet/1993/1:0/44/ Inf 57/142/}) (6... a6
7. a4 b6 8. Bc4 e6 9. e5 dxe5 10. Nxe5 Bb7 11. O-O Nc6 $13 {Godena,M-Hodgson,J/
Horgen-SKA/0,5/37/}) 7. Bc4 e5 8. O-O Qe7 9. Re1 c6 10. dxe5 (10. a4 a5 (10...
exd4 11. Bxd4 Ne5 12. Ba2 Be6 13. Bxe6 Qxe6 14. Ng5 $1 Qe7 15. f4 Ned7 16. Nf3
$16) 11. Ba2 $14) 10... dxe5 11. a4 Nc5 (11... Qb4 12. Bb3 Nc5 $2 13. Qd6 $16)
12. Nd2 Rd8 13. Qe2 (13. Qc1 $5 Ne6 14. a5 Nd4 $13 (14... Nf4 $5)) 13... Ne6
14. Bxe6 (14. a5 Nd4 15. Qd1 Be6 $10) 14... Bxe6 15. a5 Nd7 (15... b5 16. axb6
axb6 17. Bxb6 Rxa1 18. Rxa1 Rb8 19. Ra7 Qe8 (19... Qb4 20. Bc7 $16) 20. Qa6 Nd7
21. Bc7 $1 $16) (15... Nh5 $142 16. Nc4 $140 $6 Nf4 17. Qf1 Qg5 $1 $17) 16. Nc4
f5 17. exf5 (17. f3 $5 f4 18. Bf2 $132 {/\ 19.Red1, 20.Nd6}) 17... gxf5 18. f3
Bd5 (18... b5 $6 19. axb6 axb6 20. Nxb6 Nxb6 21. Bxb6 Rxa1 22. Rxa1 Rb8 23. Bf2
Rxb2 24. Ra8+ Kf7 25. f4 $1 $16) (18... Nf8 $142 19. Red1 Rxd1+ 20. Rxd1 Ng6
$13) 19. Bf2 Qe6 (19... Qf7 20. Nd6 Qe6 21. Nxb7 Rdb8 22. a6 $16) 20. Ne3 Qf7
$2 (20... f4 21. Nexd5 cxd5 22. Rad1 Nf8 23. Qb5 $16) (20... Nf6 $1 $13) 21.
Ncxd5 cxd5 22. Qd3 $16 e4 (22... d4 23. Nxf5 Nc5 24. Qa3 Qxf5 25. Qxc5 Rac8 26.
Qxa7 Rxc2 27. Qxb7 $16) 23. Qxd5 Bxb2 24. Rab1 Bc3 25. Red1 f4 (25... Qxd5 26.
Nxd5 Bxa5 27. Bh4 $1 $18) 26. Qxf7+ (26. Qg5+ Kh8 27. Nd5 Rg8 28. Qxf4 Qg6 29.
Qg4 $16) 26... Kxf7 27. Nd5 Bxa5 28. Rxb7 $18 e3 29. Bh4 e2 30. Ra1 Bd2 31.
Bxd8 Rxd8 32. Kf2 e1=Q+ 33. Rxe1 Bxe1+ 34. Kxe1 a5 35. Ra7 Rb8 36. Rxd7+ (36.
Nxf4 $1 $18) 36... Ke6 37. Rxh7 Kxd5 38. Rh5+ Kd4 39. Rxa5 Rb1+ 40. Ke2 Rg1 41.
Ra4+ Ke5 42. Re4+ Kf5 43. Kf2 Rc1 44. Rc4 Kg5 45. Rc5+ Kh4 46. Rc4 Kg5 47. h4+
Kf5 48. Rc5+ Kf6 49. h5 Rh1 50. h6 Kg6 51. Rc6+ Kh7 52. Rf6 Rc1 53. Rxf4 Rxc2+
54. Kg3 Kxh6 55. Rf5 Kg6 56. Ra5 Rb2 57. Kh3 Rf2 58. Kg3 Rb2 59. f4 Rc2 60. Kf3
Rb2 61. g3 Rb6 62. Kg4 Rc6 63. Re5 Kf6 64. Rh5 Kg6 65. f5+ Kg7 66. Kg5 Ra6 67.
g4 Ra7 68. Rh6 Rb7 69. Rg6+ Kf7 70. Kh6 Rb4 71. Rg7+ Kf6 72. g5+ Kxf5 73. Rf7+
Ke6 74. g6 Rg4 75. Rf1 Ke7 76. g7 Rg2 77. Kh7 Rh2+ 78. Kg8 Ra2 79. Rh1 Kf6 80.
Kh8 1-0

[Event "Olympiad-23"]
[Site "Buenos Aires"]
[Date "1978.11.07"]
[Round "12"]
[White "Radulov, Ivan"]
[Black "Timman, Jan H"]
[Result "0-1"]
[WhiteElo "2490"]
[BlackElo "2585"]
[Annotator "Timman,J"]
[PlyCount "144"]
[EventDate "1978.10.25"]
[EventType "team-swiss"]
[EventRounds "14"]
[EventCountry "ARG"]
[SourceTitle "EXT 2000"]
[Source "ChessBase"]
[SourceDate "1999.11.16"]
[SourceVersion "1"]
[SourceVersionDate "1999.11.16"]
[SourceQuality "1"]
[WhiteTeam "Bulgaria"]
[BlackTeam "Netherlands"]
[WhiteTeamCountry "BUL"]
[BlackTeamCountry "NED"]

{Inf.26/171} 1. e4 d6 2. d4 Nf6 3. Nc3 g6 4. Nf3 Bg7 5. h3 O-O 6. Be3 b6 $5 7.
Be2 Bb7 8. e5 dxe5 $1 (8... Nfd7 $2 9. e6 $1 $16) 9. dxe5 Nd5 10. Nxd5 Qxd5 11.
Qxd5 Bxd5 12. O-O-O e6 $11 13. Rhe1 Nd7 14. c4 Bc6 15. Bf4 (15. Nd4 $5 Bxg2 16.
Nxe6 fxe6 17. Rxd7 Bxh3 18. f4 Rf7 19. Rxf7 Kxf7 20. Rh1 $11) 15... Nc5 16. b4
$2 (16. g3 Rad8 $140 17. Nd4 $11) 16... Ne4 17. Nd4 Ba4 $1 18. Bf3 Bxd1 19.
Bxe4 (19. Rxd1 $6 Nxf2 20. Rd2 Rad8 $17) 19... Ba4 20. Bxa8 Rxa8 21. b5 a6 $15
22. Kb2 Bf8 23. Kc3 h6 24. Be3 Kg7 25. Rb1 {[/\ Nc6]} axb5 26. cxb5 Rd8 27. f4
Rd5 28. Kc4 Bc5 29. h4 $6 h5 $17 30. Bf2 Bc2 {[/\ Be4]} 31. Re1 Kf8 32. Re2 Ba4
33. Rb2 Ke8 34. Rb1 Bc2 35. Re1 Be7 $5 36. Kc3 $8 (36. Nxc2 Rd2 $19) 36... Ba4
37. Rb1 Bc5 38. Kc4 Kd7 39. Be3 $2 (39. Bg1 $142) 39... c6 $1 40. bxc6+ Bxc6
41. g3 (41. Nxc6 Bxe3 $19) 41... b5+ 42. Kc3 b4+ 43. Kc4 Bb7 44. Rd1 Be7 $2 (
44... Kc7 $1 45. Nxe6+ (45. Rd2 Kb6 46. Kb3 Rd8 47. Kb2 Bd5 48. Nc2 Ra8 49.
Nxb4 Bxe3 50. Rxd5 Bc5 $1 $19) 45... fxe6 46. Rxd5 Bxe3 47. Rd6 Bd5+ 48. Kxb4
Bxa2 $19) 45. Kb3 Rc5 (45... Ra5 46. Kb2 Bd5 47. Nb3 $11) 46. Kb2 Bd5 47. Rc1
Rxc1 48. Bxc1 Bc4 49. Be3 Kc7 50. Bf2 Kb7 51. Be3 Bc5 52. Bf2 Kb6 53. Be3 Bd5
54. Bf2 Ka6 55. Be3 Be7 56. Bf2 Ka5 57. Be1 Ka4 58. Bf2 Bf8 59. Be3 (59. Be1
$142 Bg7 (59... Be4 $15) 60. Nc2 f6 $2 61. Bxb4 fxe5 62. Bc3 $16) 59... Bg7 $1
$19 60. Bf2 f6 61. exf6 Bxf6 62. Be3 e5 63. fxe5 Bxe5 64. Bf2 Be4 $22 65. Kc1 (
65. Ka1 Ka3) 65... Ka3 66. Nb5+ Kxa2 67. Be1 Bd3 68. Bxb4 Bxb5 69. Be1 Kb3 70.
Kd1 Bc3 71. Bf2 Bd3 72. Be3 Kc4 0-1